| 000 | 00838nam a2200241 i 4500 | ||
|---|---|---|---|
| 001 | 24690 | ||
| 003 | ES-MaACL | ||
| 005 | 20251009172044.0 | ||
| 007 | t| | ||
| 008 | 021218s1968 sp ||||1| spa d | ||
| 100 | 1 |
_aAntonioni, Michelangelo, _d1912-2007 _921990 |
|
| 245 | 1 | 0 |
_aBlow-up _b: ; Las amigas ; El grito ; La aventura / _cMichelangelo Antonioni ; [Traductores: Antonio Elorza, J. M. Alonso Ibarrola ; revisión: Carmen martín Gaite]. |
| 260 |
_aMadrid : _bAlianza, _c[1968] |
||
| 300 |
_a393 p. ; _c18 cm. |
||
| 700 | 1 |
_aElorza, Antonio, _d1943- _947089 |
|
| 700 | 1 |
_aAlonso Ibarrola, José Manuel. _920343 |
|
| 700 | 1 |
_aMartín Gaite, Carmen, _d1925-2000 _977496 |
|
| 740 | 4 | _aLas amigas. | |
| 740 | 3 | _aEl grito. | |
| 740 | 3 | _aLa aventura. | |
| 852 |
_aES-MaACL _jC-35330 _bR.66326 |
||
| 999 |
_c24690 _d24690 |
||